SIDVI - Sistema de inventarios de daños viales con un módulo para el cálculo del índice de condición (Registro nro. 2504)
[ vista simple ]
| 000 -LEADER | |
|---|---|
| campo de control de longitud fija | 02369nam a22003737a 4500 |
| 001 - NÚMERO DE CONTROL | |
| campo de control | 42835 |
| 003 - IDENTIFICADOR DE NÚMERO DE CONTROL | |
| campo de control | gtgccic |
| 005 - FECHA Y HORA DE LA ÚLTIMA TRANSACCIÓN | |
| campo de control | 20251106154940.0 |
| 007 - CAMPO FIJO DE DESCRIPCIÓN FÍSICA--INFORMACIÓN GENERAL | |
| campo de control de longitud fija | ta |
| 008 - DATOS DE LONGITUD FIJA--INFORMACIÓN GENERAL | |
| campo de control de longitud fija | 251106b gt ||||| |||| 00| 0 spa d |
| 040 ## - FUENTE DE CATALOGACIÓN | |
| Centro catalogador/agencia de origen | gtgccic |
| Lengua de catalogación | spa |
| Centro/agencia transcriptor | gtgccic |
| Normas de descripción | rda |
| 084 ## - OTRO NÚMERO DE CLASIFICACIÓN | |
| Número de control del registro de autoridad o número normalizado | TPI-16-0103 |
| 100 10 - ENTRADA PRINCIPAL--NOMBRE DE PERSONA | |
| Nombre de persona | Andrés Victoriano Luis Pedro De Jesús Ixpec Calvillo |
| Fechas asociadas al nombre | Ingeniero en Sistemas Informática y Ciencias de la Computación |
| Término indicativo de función/relación | autor |
| 245 10 - MENCIÓN DEL TÍTULO | |
| Título | SIDVI - Sistema de inventarios de daños viales con un módulo para el cálculo del índice de condición |
| Resto del título | de pavimento como indicador de apoyo en la toma de decisiones / |
| Mención de responsabilidad, etc. | Ixpec Calvillo, Andrés Victoriano |
| 264 #1 - PRODUCCIÓN, PUBLICACIÓN, DISTRIBUCIÓN, FABRICACIÓN Y COPYRIGHT | |
| Producción, publicación, distribución, fabricación y copyright | Guatemala, Guatemala : |
| Nombre del de productor, editor, distribuidor, fabricante | USAC, Facultad de Ingeniería ; |
| Fecha de producción, publicación, distribución, fabricación o copyright | 2016.- |
| 300 ## - DESCRIPCIÓN FÍSICA | |
| Extensión | xxv, 82 p. : |
| Otras características físicas | il. ; |
| Dimensiones | 27 cm |
| 336 ## - TIPO DE CONTENIDO | |
| Fuente | rdacontenido |
| Término de tipo de contenido | Texto |
| Código de tipo de contenido | txt |
| 337 ## - TIPO DE MEDIO | |
| Fuente | rdamedio |
| Nombre/término del tipo de medio | sin mediación |
| Código del tipo de medio | n |
| 338 ## - TIPO DE SOPORTE | |
| Fuente | rdasoporte |
| Nombre/término del tipo de soporte | volumen |
| Código del tipo de soporte | nc |
| 502 ## - NOTA DE TESIS | |
| Nota de tesis | Tesis postgrado |
| Tipo de título | MAESTRO EN ARTES EN TECNOLOGÍAS DE LA INFORMACIÓN Y COMUNICACIÓN |
| Nombre de la institución que otorga el título | USAC, Facultad de Ingeniería, Escuela de Postgrado |
| Año de obtención del título | 2016 |
| Identificador de la tesis | TPI-16-0103 |
| 504 ## - NOTA DE BIBLIOGRAFÍA, ETC. | |
| Nota de bibliografía, etc. Nota | Bibliografía pag. 63 |
| 505 ## - NOTA DE CONTENIDO CON FORMATO | |
| Título | 1. ANTECEDENTES |
| 505 ## - NOTA DE CONTENIDO CON FORMATO | |
| Título | 2. JUSTIFICACIÓN |
| 505 ## - NOTA DE CONTENIDO CON FORMATO | |
| Título | 3. ALCANCES |
| 505 ## - NOTA DE CONTENIDO CON FORMATO | |
| Título | 4. MARCO TEÓRICO (arquitectura de sistemas) |
| 505 ## - NOTA DE CONTENIDO CON FORMATO | |
| Título | 5. PRESENTACIÓN DE RESULTADOS |
| 505 ## - NOTA DE CONTENIDO CON FORMATO | |
| Título | 6. DISCUSIÓN DE RESULTADOS |
| 520 ## - RESUMEN, ETC. | |
| Sumario, etc. | En algunos países la ejecución del presupuesto destinado para el mantenimiento de carreteras y caminos no se opera al 100%, y en otros, como es el caso de Guatemala, este es sobregirado, provocando deudas flotantes. Sin embargo, este sobregiro, no es proporcional, pues no refleja que el mantenimiento de las redes viales sea el óptimo. Con el fin de brindar una solución a esta problemática se desarrolla el presente trabajo de graduación bajo la línea de investigación: tecnologías de la información como apoyo a la planificación estratégica nacional. El prototipo desarrollado de nombre SIDVI (Sistema de Inventarios de daños viales con un módulo para el cálculo del índice de condición de pavimento como indicador de apoyo en la toma de decisiones), permite el levantameinto de inventarios viales, actualizables en tiempo real. |
| 650 ## - PUNTO DE ACCESO ADICIONAL DE MATERIA--TÉRMINO DE MATERIA | |
| Término de materia o nombre geográfico como elemento de entrada | REDES VIALES |
| 650 ## - PUNTO DE ACCESO ADICIONAL DE MATERIA--TÉRMINO DE MATERIA | |
| Término de materia o nombre geográfico como elemento de entrada | PAVIMENTOS |
| 700 ## - ENTRADA AGREGADA--NOMBRE PERSONAL | |
| Nombre de persona | Ing. MA. Marlon Antonio Pérez Türk |
| Término indicativo de función/relación | asesor |
| 942 ## - ELEMENTOS DE ENTRADA SECUNDARIOS (KOHA) | |
| Fuente de la clasificación o esquema de estantería | Clasificación Decimal Dewey |
| Tipo de ítem Koha | TESISPOSTGRADO |
| 945 ## - PROCESAMIENTO DE INFORMACIÓN LOCAL (OCLC) | |
| a | amlo |
| Estatus retirado | Estado de pérdida | Fuente de la clasificación o esquema de estantería | Estado de daño | No para préstamo | Biblioteca de origen | Biblioteca actual | Fecha de adquisición | Número de inventario | Total de préstamos | Signatura topográfica completa | Código de barras | Visto por última vez | Precio de reemplazo | Tipo de ítem Koha | Nota pública |
|---|---|---|---|---|---|---|---|---|---|---|---|---|---|---|---|
| Clasificación Decimal Dewey | CENTRO DE INFORMACIÓN A LA CONSTRUCCIÓN-CICON | CENTRO DE INFORMACIÓN A LA CONSTRUCCIÓN-CICON | 06/11/2025 | P20160103 | TPI-16-0103 | 20160103 | 06/11/2025 | 06/11/2025 | TESISPOSTGRADO | disponible |